LEADER 01004nam a2200241 i 4500 001 000000217186 003 CaOOAMICUS 005 20220920103608.0 008 121128s1891 it u000 u ita u 040 $aSeMil$bita 100 1 $aGabba, Carlo Francesco,$d<1835-1920>.$0(OLS)http://semarc/name/21718 245 13$aIl divorzio nella legislazione italiana /$cC. F. Gabba. 250 $a3. Ed. 264 1$aTorino :$bUnione Tipografico-Editrice Torinese,$c1891. 300 $a124 p. ;$c23 cm. 500 $aRilegato con: 2J III 64/1,3-4-5-6 650 4$aDivorzio - Diritto - Italia.$0(OLS)http://semarc/subject/10709 850 $aSeMil 852 $aSeMil$W1$xVenegono$y1$m2J III 64/2$j167600$B167600$CSeMilBibl$Z2$F178387 $81 961 $aEx libris mons. Adolfo Giobbi 996 $6245$aIl divorzio nella legislazione italiana$9(OLS)http://semarc/title/79697 996 $6264$aTorino :$bUnione Tipografico-Editrice Torinese$9(OLS)http://semarc/publisher/29628 LEADER 00810nas a2200205 i 4500 001 000000238395 003 CaOOAMICUS 005 20150216000000.0 008 150129b2014 sp uu u0 0spa r 013 $a217300 040 $aSeMil$bita 240 10$aSección de Estudios Jacobeos.$0(OLS)http://semarc/title/92256 245 10$a2014 : Julio-Diciembre. 260 $aSantiago de Compostela :$bInstituto Teológico Compostelano,$c2014. 300 $aP. [339]-623 :$bill. ;$c24 cm. 850 $aSeMil 852 $aSeMil$W1$xVenegono$y1$m114 6 72$j188741$B188741$CSeMilBibl$Z2$F200028 $85 961 $aCambio: Scuola Cattolica 996 $6245$a2014 : Julio-Diciembre$9(OLS)http://semarc/title/338130 996 $6260$aSantiago de Compostela :$bInstituto Teológico Compostelano$9(OLS)http://semarc/publisher/42040